<?xml version="1.0" encoding="UTF-8"?>
<record
    xmlns:xsi="http://www.w3.org/2001/XMLSchema-instance"
    xsi:schemaLocation="http://www.loc.gov/MARC21/slim http://www.loc.gov/standards/marcxml/schema/MARC21slim.xsd"
    xmlns="http://www.loc.gov/MARC21/slim">

  <leader>01386    a2200157   4500</leader>
  <controlfield tag="003">OSt</controlfield>
  <controlfield tag="005">20260206142244.0</controlfield>
  <controlfield tag="008">260206b        |||||||| |||| 00| 0 eng d</controlfield>
  <datafield tag="100" ind1=" " ind2=" ">
    <subfield code="a">&#x915;&#x94D;&#x937;&#x940;&#x930;&#x938;&#x93E;&#x917;&#x930; &#x915;.</subfield>
    <subfield code="9">40315</subfield>
  </datafield>
  <datafield tag="245" ind1=" " ind2=" ">
    <subfield code="a"> &#x921;&#x949; . &#x938;&#x94D;&#x935;&#x93E;&#x92E;&#x93F;&#x928;&#x93E;&#x925;&#x928;</subfield>
  </datafield>
  <datafield tag="250" ind1=" " ind2=" ">
    <subfield code="a">2nd ED.</subfield>
  </datafield>
  <datafield tag="260" ind1=" " ind2=" ">
    <subfield code="b">&#x92D;&#x93E;&#x930;&#x924;&#x940;&#x92F;  &#x935;&#x93F;&#x91A;&#x93E;&#x930;  &#x938;&#x93E;&#x927;&#x928;&#x93E;  &#x92A;&#x94D;&#x930;&#x915;&#x93E;&#x936;&#x928; </subfield>
    <subfield code="c">2011</subfield>
    <subfield code="a">&#x92A;&#x941;&#x923;&#x947;</subfield>
  </datafield>
  <datafield tag="300" ind1=" " ind2=" ">
    <subfield code="a">87pp.</subfield>
  </datafield>
  <datafield tag="520" ind1=" " ind2=" ">
    <subfield code="a">&#x921;&#x949;. &#x90F;&#x92E;. &#x90F;&#x938;. &#x938;&#x94D;&#x935;&#x93E;&#x92E;&#x940;&#x928;&#x93E;&#x925;&#x928; (&#x967;&#x96F;&#x968;&#x96B;-&#x968;&#x966;&#x968;&#x969;) &#x939;&#x947; &#x92D;&#x93E;&#x930;&#x924;&#x93E;&#x924;&#x940;&#x932; &#x939;&#x930;&#x93F;&#x924;&#x915;&#x94D;&#x930;&#x93E;&#x902;&#x924;&#x940;&#x91A;&#x947; &#x91C;&#x928;&#x915; &#x92E;&#x94D;&#x939;&#x923;&#x942;&#x928; &#x913;&#x933;&#x916;&#x932;&#x947; &#x91C;&#x93E;&#x923;&#x93E;&#x930;&#x947; &#x916;&#x94D;&#x92F;&#x93E;&#x924;&#x928;&#x93E;&#x92E; &#x915;&#x943;&#x937;&#x940; &#x936;&#x93E;&#x938;&#x94D;&#x924;&#x94D;&#x930;&#x91C;&#x94D;&#x91E; &#x939;&#x94B;&#x924;&#x947;&#x964; &#x924;&#x94D;&#x92F;&#x93E;&#x902;&#x928;&#x940; &#x967;&#x96F;&#x96C;&#x966;-&#x96D;&#x966; &#x91A;&#x94D;&#x92F;&#x93E; &#x926;&#x936;&#x915;&#x93E;&#x924; &#x917;&#x939;&#x942; &#x906;&#x923;&#x93F; &#x924;&#x93E;&#x902;&#x926;&#x933;&#x93E;&#x91A;&#x94D;&#x92F;&#x93E; &#x909;&#x91A;&#x94D;&#x91A; &#x909;&#x924;&#x94D;&#x92A;&#x93E;&#x926;&#x928; &#x926;&#x947;&#x923;&#x93E;&#x931;&#x94D;&#x92F;&#x93E; &#x91C;&#x93E;&#x924;&#x940; &#x935;&#x93F;&#x915;&#x938;&#x93F;&#x924; &#x915;&#x930;&#x942;&#x928; &#x92D;&#x93E;&#x930;&#x924;&#x93E;&#x932;&#x93E; &#x905;&#x928;&#x94D;&#x928;&#x927;&#x93E;&#x928;&#x94D;&#x92F;&#x93E;&#x924; &#x938;&#x94D;&#x935;&#x92F;&#x902;&#x92A;&#x942;&#x930;&#x94D;&#x923; &#x92C;&#x928;&#x935;&#x932;&#x947;&#x964; &#x924;&#x94D;&#x92F;&#x93E;&#x902;&#x928;&#x93E; &#x92A;&#x926;&#x94D;&#x92E;&#x936;&#x94D;&#x930;&#x940;, &#x92A;&#x926;&#x94D;&#x92E;&#x92D;&#x942;&#x937;&#x923;, &#x92A;&#x926;&#x94D;&#x92E;&#x935;&#x93F;&#x92D;&#x942;&#x937;&#x923; &#x906;&#x923;&#x93F; &#x92A;&#x94D;&#x930;&#x924;&#x93F;&#x937;&#x94D;&#x920;&#x93F;&#x924; &#x91C;&#x93E;&#x917;&#x924;&#x93F;&#x915; &#x905;&#x928;&#x94D;&#x928; &#x92A;&#x941;&#x930;&#x938;&#x94D;&#x915;&#x93E;&#x930;&#x93E;&#x928;&#x947; &#x938;&#x928;&#x94D;&#x92E;&#x93E;&#x928;&#x93F;&#x924; &#x915;&#x930;&#x923;&#x94D;&#x92F;&#x93E;&#x924; &#x906;&#x932;&#x947; &#x939;&#x94B;&#x924;&#x947;</subfield>
  </datafield>
  <datafield tag="942" ind1=" " ind2=" ">
    <subfield code="c">BK</subfield>
    <subfield code="2">ddc</subfield>
  </datafield>
  <datafield tag="999" ind1=" " ind2=" ">
    <subfield code="c">370203</subfield>
    <subfield code="d">370203</subfield>
  </datafield>
  <datafield tag="952" ind1=" " ind2=" ">
    <subfield code="0">0</subfield>
    <subfield code="1">0</subfield>
    <subfield code="2">ddc</subfield>
    <subfield code="4">0</subfield>
    <subfield code="7">0</subfield>
    <subfield code="8">MCA</subfield>
    <subfield code="a">001</subfield>
    <subfield code="b">001</subfield>
    <subfield code="d">2026-02-03</subfield>
    <subfield code="e">188</subfield>
    <subfield code="g">56.00</subfield>
    <subfield code="l">0</subfield>
    <subfield code="p">KBJP-BK-3017</subfield>
    <subfield code="r">2026-02-03 00:00:00</subfield>
    <subfield code="v">80.00</subfield>
    <subfield code="w">2026-02-03</subfield>
    <subfield code="y">BK</subfield>
    <subfield code="z">3017</subfield>
  </datafield>
</record>
